000 00334nam a2200133Ia 4500
008 240624s9999 xx 000 0 und d
041 _aeng
082 _a891.46 BAN
100 _aBANDE MRINALINI ASHOK
245 _aMARATHI SHOKATM KADAMBARI
260 _c2007
_aNagpur
_bVeesa Books
300 _a160 : p. : cm. ; 21
365 _cRS
_b20
999 _c6913
_d6913